Zaostrené na impulzívnosť

Bibliographic Details
Main Author: Knihárová, Martina (Author)
Format: Article
Language:Slovak
ISSN:1335-2008
Subjects:

MARC

LEADER 00000nab a2200000 a 4500
001 vtls000877685
003 SK-MaSNL
005 20260302160832.0
008 180205c2004 xo 0 slo
015 |a SNBRB2004/07-20068 
035 |a CLN000229237 
040 |a SNKBUCL  |b slo  |c SNKBUCL  |e AACR2 
041 0 |a slo 
044 |a xo  |c SK 
080 |a 658.841:656.1.062.6/.8  |2 UDC-MRF-SK2 
080 |a 656.1.062.6/.8  |2 UDC-MRF-SK2 
100 1 |a Knihárová, Martina  |4 aut  |9 857675 
245 1 0 |a Zaostrené na impulzívnosť  |c Martina Knihárová 
650 0 7 |a stanice čerpacie  |x sortiment doplnkový  |x predaj  |2 snkbucl  |9 857676 
655 7 |a články z novín a časopisov  |2 snkbucl  |9 267496 
773 0 |x 1335-2008  |t Obchod  |g Roč. 9, (jún 2004), s. 16 
850 |a Slovenská národná knižnica v Martine 
852 |a SNK  |b KIS3GCP 
958 |a RBX 
999 |c 1375670  |d 1377600